[Event "World Blitz 2023"]
[Site "Samarkand UZB"]
[Date "2023.12.29"]
[EventDate "2023.12.29"]
[Round "5.29"]
[Result "1-0"]
[White "Mukhammadzokhid Suyarov"]
[Black "Alan Pichot"]
[WhiteElo "2449"]
[BlackElo "2592"]
[PlyCount "88"]

1. d4 Nf6 2. Nc3 d5 3. Bf4 a6 4. e3 e6 5. g4 Bd6 6. g5 Bxf4 7. exf4 Nfd7 8.
Nf3 c5 9. dxc5 Nc6 10. Qd2 Qa5 11. a3 Qxc5 12. h4 b5 13. Ne2 Bb7 14. Bg2
Qd6 15. Ng3 O-O 16. O-O Rfd8 17. Rfe1 Nc5 18. h5 Rac8 19. Rad1 Qf8 20. Nh2
d4 21. Ng4 d3 22. b4 Nd4 23. bxc5 Bxg2 24. Kxg2 dxc2 25. Rc1 Qxc5 26. Re3
Qc6+ 27. Kh3 Nf5 28. Rd3 Rxd3 29. Qxd3 Qc3 30. Qd7 h6 31. g6 Rf8 32. gxf7+
Rxf7 33. Qe8+ Rf8 34. Qxe6+ Kh8 35. Qe4 Nd4 36. Ne5 Kg8 37. Ng6 Rd8 38. Qe7
Qc8+ 39. Kh2 Re8 40. Qd6 Qc4 41. Qd7 Qf7 42. Qxd4 Rc8 43. Qe4 Rc4 44. Qa8+
1-0

[Event "World Blitz 2023"]
[Site "Samarkand UZB"]
[Date "2023.12.29"]
[EventDate "2023.12.29"]
[Round "5.30"]
[Result "1-0"]
[White "Mamikon Gharibyan"]
[Black "Kacper Piorun"]
[WhiteElo "2444"]
[BlackElo "2589"]
[PlyCount "70"]

1. e4 e6 2. d4 d5 3. e5 Bd7 4. Nf3 a6 5. c4 dxc4 6. Bxc4 Bc6 7. O-O Ne7 8.
Bg5 Nd7 9. Nc3 Nb6 10. Bb3 h6 11. Bh4 Qd7 12. Bxe7 Bxe7 13. Qe2 a5 14. a3
Nd5 15. Rfd1 a4 16. Bc4 Rb8 17. Rac1 Nb6 18. Ba2 Rd8 19. h3 O-O 20. Qe3 Rc8
21. Bb1 Rfd8 22. h4 h5 23. Ng5 Bxg5 24. Qxg5 g6 25. Be4 Bxe4 26. Nxe4 Nd5
27. Rc5 Qe7 28. Nf6+ Nxf6 29. exf6 Qf8 30. g4 hxg4 31. h5 Kh7 32. hxg6+
fxg6 33. Kg2 Qf7 34. Re5 Rh8 35. Rxe6 1-0

[Event "World Blitz 2023"]
[Site "Samarkand UZB"]
[Date "2023.12.29"]
[EventDate "2023.12.29"]
[Round "5.31"]
[Result "1-0"]
[White "Abdimalik Abdisalimov"]
[Black "Klementy Sychev"]
[WhiteElo "2417"]
[BlackElo "2583"]
[PlyCount "106"]

1. c4 c6 2. Nf3 d5 3. e3 Nf6 4. b3 Bg4 5. Bb2 e6 6. h3 Bh5 7. d3 Nbd7 8.
Nbd2 Bd6 9. g4 Bg6 10. Nh4 Qe7 11. a3 Be5 12. d4 Bd6 13. g5 Ne4 14. Nxg6
hxg6 15. Nxe4 dxe4 16. Qg4 O-O-O 17. c5 Bc7 18. O-O-O Kb8 19. Bg2 f5 20.
gxf6 Nxf6 21. Qe2 Rh4 22. Kb1 Rf8 23. Ka2 Nd5 24. Qc2 Nf6 25. Rd2 Qd7 26.
Rb1 Qd5 27. Bf1 Nh7 28. Bc4 Qd7 29. Rg1 Nf6 30. Rxg6 Rxh3 31. b4 Qf7 32.
Rg2 Rh2 33. Rxh2 Bxh2 34. f3 Bg1 35. fxe4 Bxe3 36. Re2 Bh6 37. Qb3 Re8 38.
b5 cxb5 39. Bxb5 Rd8 40. Bc4 Re8 41. c6 Qc7 42. e5 Nd5 43. Rc2 Rd8 44. Ba6
b6 45. Bf1 Ne3 46. Bh3 Nxc2 47. Qxc2 Rc8 48. d5 exd5 49. Bd7 Bg5 50. Qd3
Be7 51. Qxd5 Rf8 52. e6 g5 53. Be5 1-0

[Event "World Blitz 2023"]
[Site "Samarkand UZB"]
[Date "2023.12.29"]
[EventDate "2023.12.29"]
[Round "5.32"]
[Result "1-0"]
[White "Levan Pantsulaia"]
[Black "Tigran K Harutyunyan"]
[WhiteElo "2579"]
[BlackElo "2407"]
[PlyCount "68"]

1. c4 e6 2. g3 d5 3. Bg2 Nf6 4. Nf3 Be7 5. O-O O-O 6. b3 b6 7. Bb2 Bb7 8.
e3 c5 9. Nc3 dxc4 10. bxc4 Nc6 11. Qe2 Qd7 12. Rfd1 Rfd8 13. d4 cxd4 14.
exd4 Qe8 15. Nb5 Rac8 16. Ne5 a6 17. Na7 Nxa7 18. Bxb7 Rc7 19. Bxa6 Qa4 20.
Bb5 Nxb5 21. cxb5 Rd5 22. Rac1 Rxc1 23. Rxc1 Qxa2 24. Rc8+ Rd8 25. Qc2 g6
26. Nc6 Rxc8 27. Nxe7+ Kg7 28. Nxc8 Nd5 29. Nd6 h5 30. h4 Qa5 31. Qe2 Qb4
32. Ne4 Qb3 33. Ng5 Kg8 34. Qf3 1-0

[Event "World Blitz 2023"]
[Site "Samarkand UZB"]
[Date "2023.12.29"]
[EventDate "2023.12.29"]
[Round "5.33"]
[Result "1/2-1/2"]
[White "Aryan Tari"]
[Black "Aleksey Grebnev"]
[WhiteElo "2577"]
[BlackElo "2404"]
[PlyCount "250"]

1. e4 c5 2. Nc3 Nc6 3. f4 g6 4. Nf3 Bg7 5. Bb5 Nd4 6. O-O Nxb5 7. Nxb5 a6
8. Nc3 d6 9. Qe1 b5 10. d3 Bb7 11. f5 Nf6 12. Qh4 Qd7 13. Bh6 Bxh6 14. Qxh6
gxf5 15. Ng5 b4 16. Ne2 Rg8 17. Rxf5 O-O-O 18. Qh3 Rg7 19. Ng3 Rdg8 20. Nf3
Kb8 21. Qh6 Rg6 22. Qd2 e6 23. Rg5 Qc7 24. Rf1 Nd7 25. Rxg6 hxg6 26. Ng5
Ne5 27. Qf4 Rd8 28. b3 Rd7 29. h3 a5 30. Qf6 Ka7 31. Ne2 d5 32. exd5 Bxd5
33. Nf4 Bb7 34. Re1 Nc6 35. Nf3 Kb6 36. Re2 Qd8 37. Qxd8+ Rxd8 38. Kh2 Nd4
39. Nxd4 Rxd4 40. Rf2 Rd7 41. g4 g5 42. Nh5 a4 43. Nf6 Rc7 44. Nh7 f5 45.
Nxg5 fxg4 46. hxg4 Rg7 47. Nxe6 Rxg4 48. Nf4 axb3 49. axb3 Rg7 50. Re2 Rh7+
51. Kg3 Rg7+ 52. Kf2 Rf7 53. Ke3 Kb5 54. Rh2 Re7+ 55. Kd2 Rf7 56. Ne6 Bd5
57. Ng5 Rf5 58. Nh7 Bg8 59. Rh6 Rf2+ 60. Kc1 Bxh7 61. Rxh7 Rf1+ 62. Kb2 Rf5
63. Rb7+ Kc6 64. Rb8 Kc7 65. Rg8 Kc6 66. Re8 Rh5 67. Kc1 Rh1+ 68. Kd2 Rh2+
69. Re2 Rh5 70. Rf2 Kb5 71. Rf4 Rh2+ 72. Kc1 Rh5 73. Rc4 Rg5 74. Kd2 Rh5
75. d4 cxd4 76. Rxd4 Rh2+ 77. Kc1 Rh1+ 78. Rd1 Rh2 79. Rd5+ Kc6 80. Rg5 Kb6
81. Kd1 Kc6 82. Re5 Kb6 83. Re2 Rh5 84. Kd2 Kc5 85. Re4 Rh2+ 86. Kd3 Rh3+
87. Re3 Rh5 88. Rg3 Kb5 89. Rf3 Kc5 90. Re3 Kb5 91. Kd4 Rh4+ 92. Re4 Rh2
93. Re5+ Kb6 94. Kd3 Rh3+ 95. Kc4 Rc3+ 96. Kxb4 Rxc2 97. Re6+ Kb7 98. Kb5
Kb8 99. b4 Rc8 100. Ka6 Ka8 101. Re7 Kb8 102. Kb6 Rh8 103. Rf7 Rh6+ 104.
Ka5 Rg6 105. Rd7 Rh6 106. Kb5 Rg6 107. Kc5 Rh6 108. Re7 Rg6 109. Kc4 Rh6
110. Re5 Rg6 111. Kb5 Rh6 112. Rc5 Kb7 113. Rd5 Rb6+ 114. Kc4 Rc6+ 115. Rc5
Rxc5+ 116. Kxc5 Kc7 117. Kb5 Kb7 118. Ka5 Ka7 119. b5 Kb7 120. b6 Kb8 121.
Kb5 Kb7 122. Kc5 Kb8 123. Kc6 Kc8 124. b7+ Kb8 125. Kb6 1/2-1/2

[Event "World Blitz 2023"]
[Site "Samarkand UZB"]
[Date "2023.12.29"]
[EventDate "2023.12.29"]
[Round "5.34"]
[Result "1/2-1/2"]
[White "Daniel Dardha"]
[Black "Jakub Seemann"]
[WhiteElo "2568"]
[BlackElo "2332"]
[PlyCount "226"]

1. d4 Nf6 2. Bg5 Ne4 3. h4 d5 4. Nd2 Nxd2 5. Qxd2 c6 6. e4 dxe4 7. Bc4 Nd7
8. f3 Nf6 9. O-O-O b5 10. Bb3 a5 11. a3 a4 12. Ba2 h6 13. Bxf6 exf6 14.
fxe4 Be7 15. d5 cxd5 16. Bxd5 Ra6 17. Nf3 O-O 18. c3 Bg4 19. Qf4 Qc8 20.
Kb1 h5 21. Rd3 Qc5 22. Rhd1 Kh8 23. Ba2 Ra7 24. Rd5 Qb6 25. Re1 Rd8 26. Nd4
Rxd5 27. Bxd5 Bd6 28. Qd2 Rc7 29. Nf5 Be5 30. Nh6 gxh6 31. Qxh6+ Kg8 32.
Qg6+ Kf8 33. Qh6+ Ke7 34. Qh7 Kd6 35. Qg8 Re7 36. Qf8 Qc5 37. Ka2 Kc7 38.
Qa8 Kb6 39. Rc1 Be6 40. c4 Bxd5 41. exd5 bxc4 42. Qxa4 c3 43. bxc3 Qf2+ 44.
Rc2 Qc5 45. Rb2+ Kc7 46. Qa8 Qc4+ 47. Kb1 Qd3+ 48. Ka2 Qc4+ 49. Kb1 Qf1+
50. Ka2 Qc4+ 51. Rb3 Bxc3 52. Qa7+ Kd6 53. Qb8+ Kxd5 54. Qd8+ Ke6 55. Qb6+
Kf5 56. Qf2+ Kg6 57. Qc2+ f5 58. Qxc3 Re2+ 59. Ka1 Qe4 60. Rb2 Re1+ 61. Ka2
Qe6+ 62. Qb3 Qe4 63. g3 Re3 64. Qb6+ Kh7 65. Qb5 Rxg3 66. Re2 Rg2 67. Rxg2
Qxg2+ 68. Kb3 Qg3+ 69. Kb4 Qxh4+ 70. Ka5 Qd8+ 71. Kb4 Qd4+ 72. Kb3 Qe3+ 73.
Kb4 Qe4+ 74. Kc3 h4 75. Qd7 Kg6 76. Qd6+ Kg5 77. Qd8+ f6 78. Qg8+ Kf4 79.
Kb3 h3 80. a4 Qf3+ 81. Kb4 h2 82. Qb8+ Kg4 83. Qxh2 f4 84. a5 Qb7+ 85. Kc5
Qc7+ 86. Kb5 Qe5+ 87. Kb6 f3 88. Qf2 Qd6+ 89. Kb5 Qd3+ 90. Kb6 Qb3+ 91. Kc7
Qc4+ 92. Kb6 Qe6+ 93. Kb7 Qe2 94. Qd4+ Kg5 95. Qd5+ f5 96. Qd8+ Kg4 97. a6
f2 98. Qd4+ Kg3 99. Qg7+ Kf3 100. Qc3+ Qe3 101. Qc6+ Qe4 102. a7 Qxc6+ 103.
Kxc6 f1=Q 104. a8=Q f4 105. Kd5 Kf2 106. Ke5 f3 107. Qa7+ Kg2 108. Qg7+ Kh2
109. Kf4 f2 110. Qg3+ Kh1 111. Kf3 Qd1+ 112. Kxf2 Qd2+ 113. Kf3 1/2-1/2

[Event "World Blitz 2023"]
[Site "Samarkand UZB"]
[Date "2023.12.29"]
[EventDate "2023.12.29"]
[Round "5.35"]
[Result "1-0"]
[White "Gadir Guseinov"]
[Black "Munkhdalai Amilal"]
[WhiteElo "2563"]
[BlackElo "2293"]
[PlyCount "70"]

1. e4 c5 2. Nc3 e6 3. Nf3 Nc6 4. d4 cxd4 5. Nxd4 Qc7 6. g3 a6 7. Bg2 Nf6 8.
O-O b5 9. e5 Ng8 10. Nxc6 dxc6 11. Ne4 Bb7 12. Nd6+ Bxd6 13. exd6 Qd7 14.
Qd4 Nf6 15. Qc5 O-O 16. b3 Qc8 17. Bb2 Nd7 18. Qd4 e5 19. Qg4 f5 20. Qe2
Re8 21. a4 c5 22. axb5 Bxg2 23. Kxg2 Qb7+ 24. Kg1 Qxb5 25. Qf3 Rf8 26. Qd5+
Kh8 27. Bxe5 Nxe5 28. Qxe5 Rae8 29. Qd5 Re2 30. Rfe1 Rxc2 31. d7 Qb8 32.
Rad1 Qd8 33. Qc6 f4 34. Re8 fxg3 35. Rxd8 gxh2+ 1-0

[Event "World Blitz 2023"]
[Site "Samarkand UZB"]
[Date "2023.12.29"]
[EventDate "2023.12.29"]
[Round "5.36"]
[Result "1-0"]
[White "Bobir Sattarov"]
[Black "V Pranav"]
[WhiteElo "2351"]
[BlackElo "2562"]
[PlyCount "96"]

1. e4 e5 2. Nf3 Nc6 3. Bb5 a6 4. Ba4 Nf6 5. Bxc6 dxc6 6. d3 Nd7 7. Nbd2 Bd6
8. Nc4 O-O 9. h4 Re8 10. Ne3 Nf8 11. h5 Ne6 12. Nh4 Bf8 13. Nhf5 Nd4 14. g4
g6 15. hxg6 fxg6 16. c3 Ne6 17. Nc4 Qf6 18. Qf3 gxf5 19. gxf5 Nf4 20. Nxe5
Nxd3+ 21. Nxd3 Bxf5 22. Be3 Rxe4 23. O-O-O Re6 24. Bd4 Qg5+ 25. Be3 Qf6 26.
Rdg1+ Bg6 27. Qh3 Re7 28. Bd4 Qe6 29. Qh2 Qf5 30. Rxg6+ hxg6 31. Qh8+ Kf7
32. Rh7+ Ke8 33. Rxe7+ Kxe7 34. Ne5 c5 35. Bxc5+ Ke6 36. Bd4 Qf4+ 37. Kc2
Qe4+ 38. Kb3 Qd5+ 39. Kc2 Qe4+ 40. Kb3 Qd5+ 41. Kc2 Qe4+ 42. Kd2 Qf4+ 43.
Ke2 c5 44. Qg8+ Kd6 45. Nc4+ Kc6 46. Qe6+ Bd6 47. Ne5+ Kb6 48. Qxd6+ 1-0

[Event "World Blitz 2023"]
[Site "Samarkand UZB"]
[Date "2023.12.29"]
[EventDate "2023.12.29"]
[Round "5.37"]
[Result "1/2-1/2"]
[White "Maksim Chigaev"]
[Black "Kanan Garayev"]
[WhiteElo "2561"]
[BlackElo "2260"]
[PlyCount "120"]

1. c4 e6 2. g3 d5 3. Bg2 Nf6 4. Nf3 Be7 5. O-O O-O 6. b3 b6 7. Bb2 Bb7 8.
d4 c5 9. cxd5 Nxd5 10. dxc5 Bxc5 11. a3 Be7 12. Nbd2 Bf6 13. Bxf6 Nxf6 14.
Nc4 Qxd1 15. Rfxd1 Bd5 16. Nfe5 Na6 17. b4 Nc7 18. Rac1 Rad8 19. Nxb6 axb6
20. Rxc7 Ra8 21. Rd3 Bxg2 22. Kxg2 Nd5 23. Rc6 Rfc8 24. e4 Nf6 25. f3 Rxc6
26. Nxc6 Kf8 27. Nd4 Rc8 28. Kf2 g5 29. g4 Rc1 30. Rd2 Rc3 31. Nb5 Rb3 32.
h3 Ke7 33. Rc2 Ne8 34. e5 Rd3 35. Ke2 Rd5 36. Nc3 Rxe5+ 37. Kd3 Nf6 38. a4
h5 39. Ra2 Nd5 40. Nxd5+ Rxd5+ 41. Kc4 Kd6 42. a5 hxg4 43. hxg4 bxa5 44.
Rxa5 Rd1 45. Ra7 f5 46. Ra6+ Ke5 47. b5 Kf4 48. Rxe6 fxg4 49. fxg4 Kxg4 50.
b6 Rb1 51. Kc5 Kf3 52. Kc6 g4 53. b7 g3 54. Rf6+ Ke2 55. Re6+ Kf2 56. Rf6+
Kg1 57. Rg6 g2 58. Kc7 Rxb7+ 59. Kxb7 Kf1 60. Rxg2 Kxg2 1/2-1/2

[Event "World Blitz 2023"]
[Site "Samarkand UZB"]
[Date "2023.12.29"]
[EventDate "2023.12.29"]
[Round "5.38"]
[Result "1/2-1/2"]
[White "Zhandos Agmanov"]
[Black "Rinat Jumabayev"]
[WhiteElo "2407"]
[BlackElo "2561"]
[PlyCount "44"]

1. e4 e6 2. d4 d5 3. Nd2 c5 4. Ngf3 cxd4 5. exd5 Qxd5 6. Bc4 Qd6 7. O-O Nf6
8. Nb3 Nc6 9. Nbxd4 Nxd4 10. Nxd4 Bd7 11. c3 Qc7 12. Qe2 a6 13. h3 Be7 14.
Bg5 O-O 15. Rfe1 Rfe8 16. Bb3 Nd5 17. Bxe7 Nxe7 18. Rad1 Ng6 19. Bc2 Rad8
20. Qh5 Nf8 21. Nf3 Bc8 22. Ng5 h6 1/2-1/2

[Event "World Blitz 2023"]
[Site "Samarkand UZB"]
[Date "2023.12.29"]
[EventDate "2023.12.29"]
[Round "5.39"]
[Result "0-1"]
[White "Robert Ruck"]
[Black "Mukhammadali Abdurakhmonov"]
[WhiteElo "2561"]
[BlackElo "2214"]
[PlyCount "182"]

1. Nf3 d5 2. d4 Nf6 3. c4 e6 4. Nc3 Bb4 5. Bg5 h6 6. Bxf6 Qxf6 7. e3 O-O 8.
Rc1 dxc4 9. Bxc4 Qd8 10. Qb3 Be7 11. O-O a6 12. Qc2 Nd7 13. Rfd1 b5 14. Bd3
Bb7 15. Bh7+ Kh8 16. Be4 c6 17. a3 Qb6 18. b4 a5 19. Qb2 axb4 20. axb4 Ra7
21. Rb1 Rfa8 22. Qc2 Ra3 23. h3 Qa6 24. Bd3 Qb6 25. Nd2 e5 26. Bf5 exd4 27.
exd4 Nf6 28. Nf3 Kg8 29. Ne5 Rd8 30. Qb2 Raa8 31. Qb3 Rf8 32. Bg6 Nd5 33.
Nd7 Qd8 34. Nxf8 Bxf8 35. Nxd5 cxd5 36. Bd3 Bc6 37. Ra1 Rb8 38. Rdc1 Qf6
39. Qc3 Bd7 40. Qc7 Rd8 41. Qe5 Qh4 42. Rcb1 Be6 43. Bxb5 Bd6 44. Qe3 Rb8
45. Bf1 Rxb4 46. Rxb4 Bxb4 47. Ra8+ Kh7 48. Qd3+ g6 49. Qe3 Bd6 50. Re8 Qf6
51. g3 h5 52. h4 Kg7 53. Bd3 Bd7 54. Ra8 Be6 55. Ra6 Bb4 56. Bf1 Kh7 57.
Ra7 Kg7 58. Bd3 Bc3 59. Qe5 Bxd4 60. Qxf6+ Kxf6 61. Ra6 Ke5 62. Kg2 Bc5 63.
Kf1 Kd4 64. Bc2 Kc3 65. Bb1 d4 66. Rc6 Bc4+ 67. Ke1 Kb4 68. Kd2 Bd5 69. Rc7
Bb6 70. Rd7 Kc5 71. Bd3 Ba5+ 72. Ke2 Be6 73. Ra7 Bb6 74. Ra6 Bg4+ 75. Kd2
Bc8 76. Ra8 Be6 77. Rf8 Ba5+ 78. Kc2 Be1 79. Kd1 Bxf2 80. Bxg6 Bg4+ 81. Kd2
Be3+ 82. Kd3 fxg6 83. Rg8 Kd5 84. Rd8+ Ke5 85. Re8+ Be6 86. Re7 Kd6 87. Re8
Bf5+ 88. Kc4 Bf2 89. Rd8+ Ke5 90. Re8+ Be6+ 91. Kd3 Bxg3 0-1

[Event "World Blitz 2023"]
[Site "Samarkand UZB"]
[Date "2023.12.29"]
[EventDate "2023.12.29"]
[Round "5.40"]
[Result "0-1"]
[White "Gianmarco Leiva"]
[Black "Alexander Moiseenko"]
[WhiteElo "2338"]
[BlackElo "2556"]
[PlyCount "80"]

1. d4 Nf6 2. Nf3 e6 3. Bf4 Be7 4. c3 O-O 5. h3 c5 6. e3 cxd4 7. cxd4 Qb6 8.
Qb3 Nc6 9. Qxb6 axb6 10. Nc3 Nb4 11. Kd2 Nbd5 12. Nxd5 Nxd5 13. Bg3 d6 14.
Bd3 Bd7 15. Rhc1 Bc6 16. Kd1 f5 17. Bc4 b5 18. Bb3 Kf7 19. Bh4 Bxh4 20.
Nxh4 g5 21. Nf3 Rg8 22. Ke2 Kf6 23. a3 h5 24. h4 gxh4 25. Nxh4 f4 26. Bxd5
Bxd5 27. exf4 Bxg2 28. Rg1 Bd5 29. Nf3 Rxg1 30. Rxg1 Rc8 31. Ne1 h4 32. f3
Rh8 33. Rh1 h3 34. Kf2 Kf5 35. Kg3 Rg8+ 36. Kf2 Rh8 37. Kg3 Bc4 38. Nc2
Rg8+ 39. Kf2 Rg2+ 40. Ke3 Re2# 0-1

[Event "World Blitz 2023"]
[Site "Samarkand UZB"]
[Date "2023.12.29"]
[EventDate "2023.12.29"]
[Round "5.41"]
[Result "1/2-1/2"]
[White "Manuel Petrosyan"]
[Black "Sumiya Chinguun"]
[WhiteElo "2556"]
[BlackElo "2200"]
[PlyCount "162"]

1. Nf3 Nf6 2. c4 g6 3. Nc3 Bg7 4. e4 d6 5. d4 O-O 6. Be2 Nbd7 7. O-O e5 8.
Be3 Qe7 9. dxe5 dxe5 10. Nd5 Qd8 11. Nxf6+ Nxf6 12. Qc2 Qe7 13. c5 Bg4 14.
c6 b6 15. Rfd1 Ne8 16. Ne1 Be6 17. Nd3 Nd6 18. Nb4 a5 19. Nd5 Bxd5 20. Rxd5
Rad8 21. Rad1 f5 22. f3 fxe4 23. fxe4 Bf6 24. Bg4 Bg5 25. Bf2 Qf6 26. Bf3
Rb8 27. Rxd6 cxd6 28. c7 Rbc8 29. Bxb6 Kg7 30. Qc6 Rf7 31. Rxd6 Qe7 32. Rd1
Rxc7 33. Bxc7 Qxc7 34. Qxc7 Rxc7 35. Re1 Rc2 36. Re2 Rxe2 37. Bxe2 Bc1 38.
b3 Kf6 39. Kf2 Ke7 40. Bc4 h6 41. Ke2 Ba3 42. h3 g5 43. Bg8 h5 44. Kd3 Kd6
45. Kc4 Bb4 46. Kb5 h4 47. Bd5 Be1 48. a3 Bd2 49. b4 axb4 50. a4 Be3 51.
Kxb4 Bf2 52. Kb5 Kc7 53. Bb3 Bg1 54. Bd1 Bf2 55. Bg4 Bg1 56. Be6 Bf2 57.
Bf7 Bg1 58. a5 Bf2 59. a6 Bg1 60. Be6 Bf2 61. Kc4 Kd6 62. Bc8 Bg1 63. Kd3
Kc7 64. Bb7 Kb6 65. Kc4 Bh2 66. Kd5 Bf4 67. Kd6 Ka7 68. Ke6 Kb6 69. Kf5 Ka7
70. Ke6 Kb6 71. Kd5 Ka7 72. Kc6 Bg3 73. Kb5 Bf4 74. Bd5 Bg3 75. Bc4 Bf4 76.
Bf1 Bg3 77. Kc6 Bf4 78. Kd6 Kb6 79. Ke6 Ka7 80. Kf5 Kb6 81. Be2 Ka7 1/2-1/2

[Event "World Blitz 2023"]
[Site "Samarkand UZB"]
[Date "2023.12.29"]
[EventDate "2023.12.29"]
[Round "5.42"]
[Result "1-0"]
[White "Aydin Suleymanli"]
[Black "Daler Vakhidov"]
[WhiteElo "2553"]
[BlackElo "2110"]
[PlyCount "72"]

1. c4 c5 2. Nf3 Nc6 3. Nc3 g6 4. e3 Bg7 5. d4 d6 6. d5 Na5 7. Bd2 a6 8. e4
Nf6 9. h3 O-O 10. Bd3 b5 11. b3 bxc4 12. bxc4 Nd7 13. O-O Nb6 14. Qe2 e5
15. Nd1 Nb7 16. Rb1 a5 17. Bg5 f6 18. Bh4 Qc7 19. Nc3 Nd8 20. Nb5 Qd7 21.
Rb2 Ba6 22. Qd2 Bb7 23. Rfb1 Nc8 24. Bc2 h6 25. Bg3 Nf7 26. Nbd4 cxd4 27.
Rxb7 Qd8 28. Ba4 g5 29. Bd7 Ne7 30. Be6 Kh8 31. h4 gxh4 32. Nxh4 Kh7 33.
Qd1 Ng5 34. Qg4 Qe8 35. Rxe7 Qxe7 36. Qf5+ 1-0

[Event "World Blitz 2023"]
[Site "Samarkand UZB"]
[Date "2023.12.29"]
[EventDate "2023.12.29"]
[Round "5.43"]
[Result "1-0"]
[White "Haowen Xue"]
[Black "Surya Shekhar Ganguly"]
[WhiteElo "2155"]
[BlackElo "2549"]
[PlyCount "82"]

1. d4 Nf6 2. Nf3 e6 3. g3 c5 4. Bg2 cxd4 5. O-O d5 6. Nxd4 e5 7. Nb3 h6 8.
e4 Bg4 9. Qd3 dxe4 10. Qb5+ Nbd7 11. Nc3 Qb6 12. Qxb6 Nxb6 13. Nxe4 Nxe4
14. Bxe4 O-O-O 15. Be3 f5 16. Bg2 Nc4 17. Bxa7 e4 18. Bd4 Nd2 19. Nxd2 Rxd4
20. Nb3 Rd7 21. f3 exf3 22. Bxf3 Bxf3 23. Rxf3 g6 24. c3 h5 25. Re1 Bg7 26.
Re6 Rh6 27. h4 Rd1+ 28. Rf1 Rxf1+ 29. Kxf1 g5 30. Re8+ Kd7 31. Rg8 Rg6 32.
Nd4 gxh4 33. Nxf5 Rf6 34. Rxg7+ Ke6 35. Rg5 hxg3 36. Rxh5 Rxf5+ 37. Rxf5
Kxf5 38. Kg2 Ke4 39. a4 Kd3 40. a5 Kc2 41. b4 1-0

[Event "World Blitz 2023"]
[Site "Samarkand UZB"]
[Date "2023.12.29"]
[EventDate "2023.12.29"]
[Round "5.44"]
[Result "1/2-1/2"]
[White "Asrorjon Omonov"]
[Black "Anton Demchenko"]
[WhiteElo "2069"]
[BlackElo "2545"]
[PlyCount "50"]

1. d4 Nf6 2. c4 d6 3. Nf3 Nc6 4. Bf4 g6 5. Nc3 Bg7 6. e3 O-O 7. h4 Bf5 8.
Be2 Ne4 9. Nxe4 Bxe4 10. O-O e5 11. Bg5 Qe8 12. d5 Bxf3 13. Bxf3 Nb8 14. e4
Nd7 15. b4 a5 16. a3 b6 17. Qc2 Ra7 18. Be3 Qe7 19. c5 bxc5 20. bxc5 Nxc5
21. Bxc5 dxc5 22. Rfc1 Rb8 23. Qxc5 Qxc5 24. Rxc5 Bf8 25. Rc2 a4 1/2-1/2

[Event "World Blitz 2023"]
[Site "Samarkand UZB"]
[Date "2023.12.29"]
[EventDate "2023.12.29"]
[Round "5.47"]
[Result "1-0"]
[White "Pavel Ponkratov"]
[Black "Benjamin Haldorsen"]
[WhiteElo "2547"]
[BlackElo "2405"]
[PlyCount "130"]

1. Nf3 Nf6 2. c4 b6 3. Nc3 Bb7 4. d4 g6 5. Qc2 Bg7 6. e4 O-O 7. Be2 d6 8.
O-O Nc6 9. h3 e5 10. Rd1 exd4 11. Nxd4 Nxd4 12. Rxd4 Re8 13. Be3 Nd7 14.
Rd2 Nc5 15. Bf3 a5 16. Bd4 Bxd4 17. Rxd4 Ne6 18. Rd3 Nf4 19. Re3 Qg5 20.
Kh2 h5 21. Nd5 Nxd5 22. cxd5 Re7 23. Rc3 Rc8 24. Qc1 Qe5+ 25. Kg1 Kg7 26.
Qd2 b5 27. Rac1 b4 28. R3c2 Ba6 29. a3 Rb8 30. axb4 Rxb4 31. Ra1 Rb5 32. h4
Bc8 33. Rxa5 Rb7 34. Ra4 Bg4 35. Qc3 Bxf3 36. gxf3 f6 37. Qxe5 fxe5 38. Kg2
Rf7 39. Rac4 Kf8 40. Ra4 Ke7 41. Ra8 Kd7 42. Rg8 Rb3 43. Rc3 Rxc3 44. bxc3
Rf6 45. c4 Ke7 46. Ra8 Kd7 47. Ra3 Rf4 48. Kg3 Rf6 49. Ra5 Rf4 50. c5 dxc5
51. Rxc5 Rf6 52. Kg2 Kd8 53. Ra5 Kd7 54. Ra8 Ke7 55. Rg8 Kd7 56. Rg7+ Kd6
57. f4 Rxf4 58. Rxg6+ Kd7 59. f3 Rxh4 60. Re6 Rf4 61. Rxe5 h4 62. Rh5 Kd6
63. Rh6+ Kd7 64. Kf2 Ke7 65. Ke3 1-0

[Event "World Blitz 2023"]
[Site "Samarkand UZB"]
[Date "2023.12.29"]
[EventDate "2023.12.29"]
[Round "5.48"]
[Result "1-0"]
[White "Guha Mitrabha"]
[Black "Artem Uskov"]
[WhiteElo "2512"]
[BlackElo "2328"]
[PlyCount "120"]

1. Nf3 d5 2. c4 d4 3. g3 c5 4. Bg2 Nc6 5. O-O e5 6. e3 Bd6 7. exd4 cxd4 8.
d3 Nf6 9. Bg5 h6 10. Bxf6 Qxf6 11. Nbd2 Qe7 12. a3 a5 13. Ne1 O-O 14. Nc2
a4 15. Rb1 Bf5 16. Qe2 Qc7 17. b4 axb3 18. Rxb3 Ra7 19. Rfb1 Rfa8 20. h4
Bf8 21. Bd5 Re8 22. Qf3 Bc8 23. Kh2 Nd8 24. Kg2 Kh8 25. Re1 Be6 26. Qe4 Bd6
27. Reb1 f5 28. Qf3 Bc8 29. Qh5 Rf8 30. Rb6 Nc6 31. R1b3 Bd7 32. Qf3 Bc5
33. R6b5 Na5 34. Rb1 Bxb5 35. Rxb5 b6 36. h5 Nb7 37. Rb1 Nd6 38. Qe2 Qe7
39. Nf3 e4 40. Nh4 Rf6 41. Ng6+ Rxg6 42. hxg6 Qf6 43. Nb4 Re7 44. Nc6 Re8
45. a4 Qxg6 46. a5 f4 47. dxe4 Nxe4 48. Qd3 f3+ 49. Kg1 Qg4 50. Re1 Nf6 51.
Rxe8+ Nxe8 52. Bxf3 Qe6 53. a6 Nc7 54. a7 Qe1+ 55. Kg2 Qe6 56. Bd5 Qd6 57.
Qe4 g6 58. Qg4 Kg7 59. Qc8 Nxd5 60. a8=Q 1-0

[Event "World Blitz 2023"]
[Site "Samarkand UZB"]
[Date "2023.12.29"]
[EventDate "2023.12.29"]
[Round "5.49"]
[Result "0-1"]
[White "Chongsheng Zeng"]
[Black "Alisher Suleymenov"]
[WhiteElo "2504"]
[BlackElo "2326"]
[PlyCount "62"]

1. e4 c5 2. Nf3 d6 3. d4 cxd4 4. Nxd4 Nf6 5. Nc3 a6 6. Bg5 e6 7. f4 h6 8.
Bh4 Nbd7 9. Qf3 e5 10. fxe5 Nxe5 11. Qd1 Be7 12. Bg3 Nfg4 13. Nd5 O-O 14.
Be2 Bh4 15. Qd2 Nxh2 16. Qc3 Nhf3+ 17. gxf3 Bxg3+ 18. Kd2 Qg5+ 19. Qe3 Ng6
20. Rag1 Bf2 21. Qxg5 hxg5 22. Rxg5 Bxd4 23. Bc4 Be6 24. Rgh5 Rfe8 25. f4
Bxd5 26. Bxd5 Kf8 27. c3 Ba7 28. Rf5 f6 29. Rh3 Rac8 30. b3 b5 31. Rfh5
Nxf4 0-1

[Event "World Blitz 2023"]
[Site "Samarkand UZB"]
[Date "2023.12.29"]
[EventDate "2023.12.29"]
[Round "5.50"]
[Result "1-0"]
[White "Saidakbar Saydaliev"]
[Black "Xiangyu Xu"]
[WhiteElo "2323"]
[BlackElo "2491"]
[PlyCount "74"]

1. e4 c5 2. Nf3 d6 3. d4 cxd4 4. Nxd4 Nf6 5. Nc3 Bd7 6. f3 e5 7. Nb3 Be7 8.
Be3 O-O 9. Qd2 a5 10. a4 Na6 11. Bb5 Nb4 12. Bxd7 Qxd7 13. Nd5 Nfxd5 14.
exd5 b5 15. c3 bxa4 16. Nc1 Na6 17. O-O Rab8 18. Qc2 Qb5 19. Qxa4 Qxb2 20.
Qxa5 Nc5 21. Bxc5 dxc5 22. Nd3 Qd2 23. Rad1 Qg5 24. Qc7 c4 25. Nf2 Rbc8 26.
Qb7 Bc5 27. d6 Rcd8 28. d7 Qe3 29. Qc6 Ba7 30. Qxc4 Kh8 31. Kh1 f5 32. Qa4
Bb6 33. c4 Bd4 34. Nd3 Rf7 35. Rfe1 Qg5 36. Nxe5 Re7 37. Rxd4 1-0

[Event "World Blitz 2023"]
[Site "Samarkand UZB"]
[Date "2023.12.29"]
[EventDate "2023.12.29"]
[Round "5.51"]
[Result "1-0"]
[White "Kazybek Nogerbek"]
[Black "Ernur Amangeldy"]
[WhiteElo "2488"]
[BlackElo "2144"]
[PlyCount "122"]

1. e4 c5 2. Nf3 d6 3. Bc4 Nf6 4. d3 Nc6 5. h3 g6 6. O-O Bg7 7. Bb3 O-O 8.
c3 Rb8 9. Re1 Nd7 10. d4 cxd4 11. cxd4 e5 12. Bg5 Bf6 13. Bxf6 Qxf6 14. Nc3
Nxd4 15. Nxd4 exd4 16. Nb5 Nc5 17. Qxd4 Qxd4 18. Nxd4 a6 19. Bd5 Be6 20. b4
Bxd5 21. exd5 Nd3 22. Reb1 Nf4 23. Rb3 Nxd5 24. Rd1 Nf6 25. b5 axb5 26.
Rxb5 Ra8 27. Rd2 Ra7 28. Rb6 Rfa8 29. Rbb2 d5 30. f3 Kg7 31. Kf2 Ra4 32.
Nb5 Rd8 33. Nd4 Rd7 34. Nb3 Rc7 35. Nd4 Rd7 36. Rbc2 h5 37. g4 hxg4 38.
hxg4 Ra3 39. Rb2 Ra4 40. Rb6 Rc4 41. Ne2 d4 42. Rb3 Rd8 43. Rbd3 Rd7 44.
Nxd4 Rdc7 45. Nb5 R7c5 46. Nd6 b6 47. Nxc4 Rxc4 48. Rb3 Rf4 49. Kg3 Ra4 50.
Rxb6 Ra3 51. Rb3 Ra4 52. Rc2 g5 53. Rb7 Kg6 54. Rc6 Kg7 55. Rcc7 Ra3 56.
Rxf7+ Kg6 57. Rb3 Rxa2 58. Rfb7 Rd2 59. R3b6 Rd3 60. Ra6 Rc3 61. Rbb6 1-0